Statistics for Rod Wave Charting Songs (Billboard Hot 100)

Click here to take the quiz!

General Stats

  • This quiz has been taken 147 times
    (28 since last reset)
  • The average score is 20 of 70

Answer Stats

AlbumWeeks OnPeakArtist(s)Song% Correct
Nostalgia13 Weeks#24Rod Wave ft. 21 SavageTurks & Caicos
86%
Nostalgia18 Weeks#30Rod WaveGreat Gatsby
82%
Nostalgia2 Weeks#40Rod Wave & WetNostalgia
73%
SoulFly22 Weeks#11Rod WaveTombstone
73%
SoulFly10 Weeks#16Rod WaveStreet Runner
68%
Nostalgia1 Week#61Rod Wave & Sadie Jean2018
64%
SoulFly7 Weeks#22Rod Wave ft. Polo GRicher
64%
Nostalgia9 Weeks#18Rod WaveCall Your Friends
59%
PTSD28 Weeks#25Rod WaveHeart on Ice
59%
Beautiful Mind2 Weeks#35Rod Wave ft. Jack HarlowYungen
59%
Nostalgia5 Weeks#25Rod WaveBoyz Don't Cry
55%
Nostalgia6 Weeks#19Rod WaveCome See Me
55%
Beautiful Mind5 Weeks#21Rod WaveAlone
50%
Nostalgia2 Weeks#55Rod WaveCheckmate
50%
Nostalgia20 Weeks#16Rod WaveFight the Feeling
50%
Pray 4 Love20 Weeks#12Rod Wave ft. ATR Son SonRags2Riches
50%
Nostalgia2 Weeks#48Rod WaveCrazy
45%
Beautiful Mind20 Weeks#58Rod WaveBy Your Side
41%
Beautiful Mind1 Week#58Rod WaveForever
41%
Nostalgia3 Weeks#51Rod WaveHG4
41%
Nostalgia3 Weeks#39Rod WaveLong Journey
41%
Beautiful Mind7 Weeks#38Rod WaveCold December
36%
Beautiful Mind1 Week#71Rod WaveNo Deal
36%
Pray 4 Love16 Weeks#65Rod WaveGirl Of My Dreams
32%
Nostalgia1 Week#56Rod WaveLove for a Thug
32%
SoulFly1 Week#55Rod WaveSoulFly
32%
Beautiful Mind2 Weeks#51Rod WaveSweet Little Lies
32%
SoulFly (Deluxe Edition)1 Week#60Rod Wave ft. Lil DurkAlready Won
27%
Ghetto Gospel3 Weeks#92Rod Wave & Kevin GatesCuban Links
27%
The Last Slimeto1 Week#47YoungBoy Never Broke Again ft. Rod WaveHome Ain't Home
27%
Nostalgia1 Week#71Rod WaveKeep It G
27%
Pray 4 Love (Deluxe Edition)1 Week#62Rod WaveLetter from Houston
27%
Nostalgia1 Week#79Rod WaveLove Story / Interlude
27%
Pray 4 Love1 Week#78Rod WaveThe Greatest
27%
Nostalgia1 Week#80Rod WaveBack Lit
23%
SoulFly1 Week#61Rod WaveGone Till November
23%
Nostalgia1 Week#73Rod WavePass You By
23%
Nostalgia1 Week#93Rod WaveRap Beef
23%
Beautiful Mind1 Week#48Rod WaveNever Get Over Me
18%
Pray 4 Love1 Week#84Rod WaveRibbon in the Sky
18%
SoulFly1 Week#71Rod WaveAll I Got
14%
Pray 4 Love1 Week#64Rod WaveFuck the World
14%
Jupiter's Diary: 7 Day Theory1 Week#95Rod WaveGot It Right
14%
Beautiful Mind1 Week#74Rod WaveI Know It
14%
Beautiful Mind1 Week#86Rod WavePieces
14%
Pray 4 Love1 Week#67Rod WavePray 4 Love
14%
SoulFly1 Week#96Rod WaveShock da World
14%
Beautiful Mind1 Week#66Rod WaveStone Rolling
14%
SoulFly (Deluxe Edition)1 Week#99Rod WaveTime Heals
14%
SoulFly1 Week#94Rod WaveWhat's Love??
14%
SoulFly (Deluxe Edition)1 Week#93Rod WaveWhat's Wrong
14%
Decided 21 Week#99YoungBoy Never Broke Again & Rod WaveBetter Than Ever
9%
Jupiter's Diary: 7 Day Theory2 Weeks#76Rod WaveBreak My Heart
9%
Pray 4 Love (Deluxe Edition)1 Week#86Rod WaveFreestyle
9%
SoulFly (Deluxe Edition)1 Week#91Rod Wave ft. Kodak BlackGet Ready
9%
Hall of Fame1 Week#83Polo G ft. Rod WaveHeart of a Giant
9%
SoulFly1 Week#89Rod WaveOMDB
9%
SoulFly1 Week#98Rod WaveSneaky Links
9%
SoulFly1 Week#65Rod WaveBlame on You
5%
The Voice of the Heroes1 Week#68Lil Baby, Lil Durk & Rod WaveRich Off Pain
5%
Pray 4 Love1 Week#74Rod WaveThief in the Night
5%
SoulFly1 Week#63Rod WaveDon't Forget
0%
Beautiful Mind1 Week#96Rod WaveFading
0%
SoulFly1 Week#88Rod WaveHow the Game Go
0%
Pray 4 Love1 Week#77Rod WaveI Remember
0%
Pray 4 Love1 Week#99Rod WaveNo Weakness
0%
SoulFly1 Week#85Rod WavePillz & Billz
0%
Beautiful Mind1 Week#90Rod WaveRockstar Heart
0%
Pray 4 Love1 Week#95Rod WaveThug Life
0%
Beautiful Mind1 Week#95Rod WaveTime Kills (Love Birds)
0%

Score Distribution

Percentile by Number Answered

Percent of People with Each Score

Your Score History

You have not taken this quiz since the last reset